[Event "1st Turkish League 2017"]
[Site "Konya"]
[Date "2017.07.18"]
[Round "3"]
[White "Coban, Mete Sadik"]
[Black "Okus, Melih"]
[Result "1/2-1/2"]
[WhiteElo "1894"]
[BlackElo "2041"]
[Annotator "NA"]
[PlyCount "61"]
[EventType "team-tourn"]
[EventCountry "TUR"]
[SourceTitle "playchess.com"]
[Source "ChessBase"]
[SourceQuality "1"]
[TimeControl "5400+30"]

1. e4 {[%emt 0:00:30]} c5 {[%emt 0:01:00]} 2. Nf3 {[%emt 0:00:30]} e6 {[%emt 0:00:30]} 3. c3 {[%emt 0:01:30]} d5 {[%emt 0:00:30]} 4. exd5 {[%emt 0:01:30]} Qxd5 {[%emt 0:01:30]} 5. d4 {[%emt 0:02:30]} Nf6 {[%emt 0:00:30]} 6. Bd3 {[%emt 0:03:30]} Be7 {[%emt 0:03:30]} 7. O-O {[%emt 0:13:30]} O-O {[%emt 0:00:30]} 8. Be3 {[%emt 0:01:30]} cxd4 {[%emt 0:03:30]} 9. cxd4 {[%emt 0:00:30]} Nc6 {[%emt 0:01:30]} 10. Nc3 {[%emt 0:00:30]} Qd6 {[%emt 0:00:30]} 11. Rc1 {[%emt 0:07:30]} a6 {[%emt 0:06:30]} 12. Re1 {[%emt 0:07:30]} Nb4 {[%emt 0:02:30]} 13. Bb1 {[%emt 0:00:30]} Nbd5 {[%emt 0:03:30]} 14. Bg5 {[%emt 0:02:30]} b5 {[%emt 0:21:30]} 15. Qe2 {[%emt 0:18:30]} Nxc3 {[%emt 0:05:30]} 16. bxc3 {[%emt 0:06:30]} Bb7 {[%emt 0:00:30]} 17. Ne5 {[%emt 0:01:30]} g6 {[%emt 0:08:30]} 18. a4 {[%emt 0:08:30]} Nd7 {[%emt 0:12:30]} 19. Bxe7 {[%emt 0:00:56]} Qxe7 {[%emt 0:00:00]} 20. axb5 {[%emt 0:00:34]} Nxe5 {[%emt 0:00:00]} 21. Qxe5 {[%emt 0:00:18]} axb5 {[%emt 0:00:30]} 22. Qxb5 {[%emt 0:00:55]} Rfb8 {[%emt 0:00:00]} 23. Qe5 {[%emt 0:00:00]} Rd8 {[%emt 0:06:00]} 24. Be4 {[%emt 0:02:35]} Bxe4 {[%emt 0:00:00]} 25. Qxe4 {[%emt 0:00:07]} Ra5 {[%emt 0:01:00]} 26. Red1 {[%emt 0:01:46]} Qf6 {[%emt 0:01:30]} 27. c4 {[%emt 0:02:17]} Ra2 {[%emt 0:01:03]} 28. Qe3 {[%emt 0:00:07]} Rb8 {[%emt 0:02:55]} 29. Rd2 {[%emt 0:00:23]} Ra5 {[%emt 0:00:54]} 30. Rdd1 {[%emt 0:00:15]} Ra2 {[%emt 0:00:04]} 31. Rd2 {[%emt 0:00:03]} 1/2-1/2

[Event "1st Turkish League 2017"]
[Site "Konya"]
[Date "2017.07.18"]
[Round "3"]
[White "Mutlu, Beste"]
[Black "Sahin, Hayrun Nisa"]
[Result "0-1"]
[WhiteElo "1712"]
[BlackElo "1576"]
[Annotator "NA"]
[PlyCount "78"]
[EventType "team-tourn"]
[EventCountry "TUR"]
[SourceTitle "playchess.com"]
[Source "ChessBase"]
[SourceQuality "1"]
[TimeControl "5400+30"]

1. e4 {[%emt 0:00:30]} c5 {[%emt 0:01:00]} 2. Nf3 {[%emt 0:00:30]} g6 {[%emt 0:00:30]} 3. d4 {[%emt 0:00:00]} cxd4 {[%emt 0:00:30]} 4. Nxd4 {[%emt 0:00:00]} Bg7 {[%emt 0:00:30]} 5. c4 {[%emt 0:00:00]} Nc6 {[%emt 0:00:00]} 6. Be3 {[%emt 0:00:00]} Nf6 {[%emt 0:00:00]} 7. Nc3 {[%emt 0:00:30]} d6 {[%emt 0:00:30]} 8. Be2 {[%emt 0:00:30]} Nxd4 {[%emt 0:00:00]} 9. Bxd4 {[%emt 0:00:00]} a5 {[%emt 0:00:00]} 10. O-O {[%emt 0:06:00]} O-O {[%emt 0:02:30]} 11. b3 {[%emt 0:03:30]} Nd7 {[%emt 0:03:30]} 12. Bxg7 {[%emt 0:12:30]} Kxg7 {[%emt 0:00:00]} 13. Kh1 {[%emt 0:01:30]} Nc5 {[%emt 0:14:00]} 14. Qd4+ {[%emt 0:08:30]} Kg8 {[%emt 0:02:30]} 15. f4 {[%emt 0:01:30]} Ne6 {[%emt 0:09:30]} 16. Qe3 {[%emt 0:03:30]} Ng7 {[%emt 0:07:30]} 17. Rad1 {[%emt 0:05:30]} Bd7 {[%emt 0:02:30]} 18. Nd5 {[%emt 0:02:30]} Bc6 {[%emt 0:04:30]} 19. c5 {[%emt 0:05:30]} Bxd5 {[%emt 0:05:30]} 20. Rxd5 {[%emt 0:00:30]} Qc7 {[%emt 0:00:30]} 21. cxd6 {[%emt 0:01:30]} exd6 {[%emt 0:00:30]} 22. Qd2 {[%emt 0:07:30]} Rfd8 {[%emt 0:02:30]} 23. Rc1 {[%emt 0:03:30]} Qe7 {[%emt 0:00:30]} 24. Rxa5 {[%emt 0:05:30]} Qxe4 {[%emt 0:04:30]} 25. Bf3 {[%emt 0:02:30]} Qe7 {[%emt 0:01:30]} 26. Rb5 {[%emt 0:01:30]} Rd7 {[%emt 0:05:30]} 27. g3 {[%emt 0:07:30]} Rb8 {[%emt 0:10:30]} 28. a4 {[%emt 0:12:22]} Ne6 {[%emt 0:04:20]} 29. a5 {[%emt 0:03:38]} Rdd8 {[%emt 0:01:35]} 30. Bd5 {[%emt 0:04:15]} Qd7 {[%emt 0:01:31]} 31. Rb6 {[%emt 0:00:59]} Nc5 {[%emt 0:00:23]} 32. Rd1 {[%emt 0:00:33]} Qe7 {[%emt 0:03:53]} 33. Re1 {[%emt 0:01:16]} Qc7 {[%emt 0:00:32]} 34. Qg2 {[%emt 0:00:49]} Nd7 {[%emt 0:00:30]} 35. Rxb7 {[%emt 0:00:30]} Rxb7 {[%emt 0:00:30]} 36. Bxb7 {[%emt 0:00:30]} Qxa5 {[%emt 0:00:00]} 37. Re7 {[%emt 0:00:11]} Nf6 {[%emt 0:01:07]} 38. Qb2 {[%emt 0:00:35]} Nd5 {[%emt 0:03:10]} 39. Re1 {[%emt 0:00:45]} Qxe1+ {[%emt 0:00:05]} 0-1

[Event "1st Turkish League 2017"]
[Site "Konya"]
[Date "2017.07.19"]
[Round "3"]
[White "Saim, Sida"]
[Black "Yorgun, Yaren Naz"]
[Result "1/2-1/2"]
[WhiteElo "1634"]
[BlackElo "1733"]
[Annotator "NA"]
[PlyCount "130"]
[EventType "team-tourn"]
[EventCountry "TUR"]
[SourceTitle "playchess.com"]
[Source "ChessBase"]
[SourceQuality "1"]
[TimeControl "5400+30"]

1. d4 {[%emt 0:00:30]} d5 {[%emt 0:01:00]} 2. Nf3 {[%emt 0:00:00]} Nf6 {[%emt 0:00:00]} 3. e3 {[%emt 0:00:00]} e6 {[%emt 0:00:00]} 4. c4 {[%emt 0:00:30]} Be7 {[%emt 0:00:30]} 5. Nc3 {[%emt 0:00:30]} O-O {[%emt 0:00:00]} 6. Bd3 {[%emt 0:00:30]} b6 {[%emt 0:00:00]} 7. O-O {[%emt 0:01:30]} Bb7 {[%emt 0:00:30]} 8. b3 {[%emt 0:00:30]} Nbd7 {[%emt 0:03:30]} 9. Bb2 {[%emt 0:01:30]} c5 {[%emt 0:02:30]} 10. cxd5 {[%emt 0:02:30]} Nxd5 {[%emt 0:01:30]} 11. Nxd5 {[%emt 0:05:30]} Bxd5 {[%emt 0:01:30]} 12. Rc1 {[%emt 0:03:30]} cxd4 {[%emt 0:03:30]} 13. exd4 {[%emt 0:05:30]} Nf6 {[%emt 0:03:30]} 14. Bc4 {[%emt 0:03:30]} Bb7 {[%emt 0:02:30]} 15. Ne5 {[%emt 0:05:30]} Nd5 {[%emt 0:07:30]} 16. Bb5 {[%emt 0:04:30]} a6 {[%emt 0:06:30]} 17. Bc6 {[%emt 0:02:30]} Bxc6 {[%emt 0:01:30]} 18. Nxc6 {[%emt 0:03:30]} Qd6 {[%emt 0:02:30]} 19. Nxe7+ {[%emt 0:02:30]} Nxe7 {[%emt 0:05:30]} 20. Qf3 {[%emt 0:08:30]} Nd5 {[%emt 0:06:30]} 21. Rc4 {[%emt 0:02:30]} Qf4 {[%emt 0:08:30]} 22. Qe2 {[%emt 0:00:30]} Qf5 {[%emt 0:03:30]} 23. g3 {[%emt 0:05:30]} Rfd8 {[%emt 0:04:30]} 24. Rfc1 {[%emt 0:03:30]} Qg6 {[%emt 0:02:30]} 25. a3 {[%emt 0:07:30]} h6 {[%emt 0:05:30]} 26. Qc2 {[%emt 0:06:30]} Qxc2 {[%emt 0:00:30]} 27. R4xc2 {[%emt 0:00:00]} Ra7 {[%emt 0:04:30]} 28. Kf1 {[%emt 0:04:00]} Rad7 {[%emt 0:03:30]} 29. Ke2 {[%emt 0:00:30]} Ne7 {[%emt 0:01:30]} 30. Rc7 {[%emt 0:01:30]} Rxc7 {[%emt 0:00:50]} 31. Rxc7 {[%emt 0:00:00]} Nd5 {[%emt 0:05:43]} 32. Rc6 {[%emt 0:01:14]} Kf8 {[%emt 0:03:01]} 33. a4 {[%emt 0:00:16]} Ke8 {[%emt 0:02:14]} 34. Ba3 {[%emt 0:00:30]} Rb8 {[%emt 0:01:21]} 35. Bd6 {[%emt 0:03:09]} Kd7 {[%emt 0:01:33]} 36. Bxb8 {[%emt 0:01:26]} Kxc6 {[%emt 0:00:14]} 37. Kd2 {[%emt 0:02:48]} f6 {[%emt 0:03:12]} 38. g4 {[%emt 0:01:57]} Ne7 {[%emt 0:01:26]} 39. Kd3 {[%emt 0:00:56]} Nc8 {[%emt 0:01:04]} 40. Bf4 {[%emt 0:04:21]} Kd5 {[%emt 0:01:41]} 41. Be3 {[%emt 0:02:05]} Ne7 {[%emt 0:00:36]} 42. f3 {[%emt 0:02:01]} Nc6 {[%emt 0:00:30]} 43. h3 {[%emt 0:01:49]} Nb4+ {[%emt 0:01:39]} 44. Kc3 {[%emt 0:00:34]} Nc6 {[%emt 0:00:01]} 45. Kd3 {[%emt 0:00:00]} b5 {[%emt 0:00:05]} 46. axb5 {[%emt 0:03:01]} axb5 {[%emt 0:00:30]} 47. Bf2 {[%emt 0:00:30]} Na5 {[%emt 0:00:30]} 48. Kc3 {[%emt 0:00:30]} Nc6 {[%emt 0:00:30]} 49. Kd3 {[%emt 0:00:30]} f5 {[%emt 0:00:30]} 50. gxf5 {[%emt 0:00:30]} exf5 {[%emt 0:00:30]} 51. Bg1 {[%emt 0:00:30]} Ne7 {[%emt 0:00:30]} 52. Bh2 {[%emt 0:00:30]} Ng6 {[%emt 0:00:30]} 53. Bg3 {[%emt 0:01:16]} Nf8 {[%emt 0:00:58]} 54. Be5 {[%emt 0:00:57]} Ne6 {[%emt 0:00:01]} 55. Ke3 {[%emt 0:00:20]} g5 {[%emt 0:01:23]} 56. Kd3 {[%emt 0:00:27]} h5 {[%emt 0:01:31]} 57. Ke3 {[%emt 0:00:22]} g4 {[%emt 0:00:07]} 58. fxg4 {[%emt 0:00:30]} fxg4 {[%emt 0:00:03]} 59. hxg4 {[%emt 0:00:34]} hxg4 {[%emt 0:00:01]} 60. Kd3 {[%emt 0:00:30]} Ng5 {[%emt 0:00:37]} 61. Ke3 {[%emt 0:00:40]} Ne4 {[%emt 0:00:25]} 62. Bh2 {[%emt 0:00:35]} g3 {[%emt 0:01:22]} 63. Bg1 {[%emt 0:00:02]} Nf2 {[%emt 0:01:13]} 64. Kf3 {[%emt 0:00:31]} Ne4 {[%emt 0:00:33]} 65. Be3 {[%emt 0:00:22]} b4 {[%emt 0:00:32]} 1/2-1/2

[Event "1st Turkish League 2017"]
[Site "Konya"]
[Date "2017.07.18"]
[Round "3"]
[White "Yilmaz, Duygu Sila"]
[Black "Elma, Muge"]
[Result "0-1"]
[WhiteElo "1355"]
[BlackElo "1513"]
[Annotator "NA"]
[PlyCount "106"]
[EventType "team-tourn"]
[EventCountry "TUR"]
[SourceTitle "playchess.com"]
[Source "ChessBase"]
[SourceQuality "1"]
[TimeControl "5400+30"]

1. e4 c5 2. Nf3 d6 3. Bb5+ Bd7 4. Bxd7+ Nxd7 5. O-O Ngf6 6. Re1 e6 7. c3 Be7 8. d4 O-O 9. Bf4 cxd4 10. cxd4 d5 11. e5 Ne8 12. Nc3 Nb6 13. b3 Rc8 14. Bd2 Nc7 15. Ne2 Na6 16. a3 Qd7 17. Bg5 Rc7 18. Bxe7 Qxe7 19. b4 Rfc8 20. Qd3 Nc4 21. Rac1 Nb8 22. Nd2 Qd7 23. Nxc4 dxc4 24. Qe3 b5 25. Nc3 a6 26. f4 Nc6 27. Rcd1 Ne7 28. Ne4 Nd5 29. Qg3 Kh8 30. Nc5 Qc6 31. Qf3 Ne7 32. Qh5 Kg8 33. Re3 Nf5 34. Rh3 h6 35. d5 g6 36. Qxg6+ fxg6 37. dxc6 Rxc6 38. g4 Ne7 39. Rxh6 Kg7 40. Rh3 Nd5 41. Nxe6+ Rxe6 42. Rxd5 c3 43. Rc5 Rf8 44. Rc7+ Kg8 45. Rch7 Rc6 46. Rh8+ Kf7 47. R3h7+ Ke8 48. Rxf8+ Kxf8 49. e6 c2 50. e7+ Ke8 51. f5 c1=Q+ 52. Kf2 Rc2+ 53. Kf3 Qxa3+ 0-1

[Event "1st Turkish League 2017"]
[Site "Konya"]
[Date "2017.07.19"]
[Round "4"]
[White "Demchenko, Anton"]
[Black "Solodovnichenko, Yuri"]
[Result "1-0"]
[WhiteElo "2645"]
[BlackElo "2587"]
[Annotator "TA"]
[PlyCount "93"]
[EventType "team-tourn"]
[EventCountry "TUR"]
[SourceTitle "playchess.com"]
[Source "ChessBase"]
[SourceQuality "1"]

{[%evp 21,93,70,58,67,58,37,46,6,25,25,16,-25,-6,-8,-11,-57,-56,-228,25,12,10,18,59,53,66,48,160,141,242,139,151,150,148,139,146,141,145,150,236,243,359,349,356,145,169,160,162,138,337,341,795,758,658,664,631,619,909,900,823,637,3404,2083,1775,1870,1922,1869,6800,6277,29953,9048,29957,29948,5302,5057]} 1. e4 c5 2. Nf3 e6 3. d4 cxd4 4. Nxd4 Nf6 5. Nc3 d6 6. Be3 a6 7. f3 b5 8. a3 Be7 9. Qd2 O-O 10. O-O-O Qc7 11. g4 {[%cal Bg2g4,Bg4g5][%mdl 32]} Nc6 12. g5 {B80: Sicilian Scheveningen: 6 g3 and 6 Be3, including English Attack} (12. Nxc6 Qxc6 13. h4 Bb7 14. h5 Nd7 15. f4 Nf6 16. Rg1 Rab8 17. Bd3 b4 18. axb4 d5 19. b5 axb5 20. Bxb5 Qc7 21. e5 {0-1 (28) Mrazik,L (2070)-Koval,M (2067) Slovakia 2008}) 12... Nd7 13. Nxc6 $146 ({Find the theoretical novelty and annotate with similar games:} 13. h4 Bb7 14. h5 Nde5 15. h6 g6 16. f4 Nc4 17. Bxc4 bxc4 {1-0 (30) Farmer,W-Suermann,U DESC email 2000}) 13... Qxc6 14. Ne2 {White is slightly better.} Rb8 15. Nd4 Qb7 16. Nb3 Ne5 17. Na5 Qc7 18. Be2 {[#]} (18. f4 $5 {[%cal Rf4e5]} Nc4 19. Nxc4 bxc4 20. Bg2 $11) 18... d5 $1 {[%mdl 512]} 19. f4 $2 (19. exd5 $15 Rd8 20. Qc3 Qxc3 21. bxc3 Rxd5 22. Bf4 Bxa3+ 23. Kb1) 19... Nc4 $2 (19... b4 $1 $19 {[%cal Rb4a3]} 20. a4 (20. fxe5 $2 bxa3 21. b3 Bb4 $19) 20... Qxa5 21. fxe5 Qxa4) 20. Nxc4 $11 dxc4 21. Bd4 Bd6 22. Rhf1 $1 b4 23. axb4 Rxb4 (23... Bxb4 $14 24. c3 Bc5) 24. Kb1 $36 {[%mdl 2048] White is really pushing.} Ra4 {[#]} (24... Rb7 $16) 25. Qc3 (25. Bc3 $1 $18 Be7 26. Qd4) 25... Bb7 26. Bxg7 {And now Bh6 would win.} Bb4 {[#]} 27. Qe5 $1 {[%cal Re5c7]} Qxe5 28. Bxe5 Bxe4 29. Bxc4 {Rd4 is the strong threat.} Bc5 (29... Bc3 $16 {was necessary.}) 30. b3 $18 Rxc4 (30... Rb4 {was worth a try.} 31. Rfe1 Bg2) 31. bxc4 Bg2 32. Kb2 (32. Rfe1 $18 {and White stays clearly on top.}) 32... Bxf1 $16 33. Rxf1 {[%mdl 4096] Endgame KRB-KRB} h6 34. Rf3 hxg5 $2 (34... Rc8 $16 35. Rd3 (35. gxh6 Kh7 $16) 35... Bf8 36. gxh6 Bxh6) 35. fxg5 $18 Be7 $2 (35... Re8 36. Rh3 f6) 36. Rh3 {[%csl Ge5][%cal Rh3h8]} f6 37. gxf6 Bxf6 38. Rg3+ Kh7 39. Bxf6 Rxf6 {KR-KR} 40. c5 {[%cal Bc4c5,Bc5c6,Bc6c7][%mdl 32]} e5 {Now ...Rc6 and Black clings on.} 41. Kb3 e4 42. Kc4 a5 43. Kd5 Rf5+ 44. Kd4 a4 45. c6 Rf6 46. c7 Rf8 47. Kxe4 {Precision: White = 61%, Black = 31%.} 1-0

[Event "1st Turkish League 2017"]
[Site "Konya"]
[Date "2017.07.19"]
[Round "4"]
[White "Parligras, Mircea-Emilian"]
[Black "Delchev, Aleksander"]
[Result "1/2-1/2"]
[WhiteElo "2603"]
[BlackElo "2588"]
[Annotator "TA"]
[PlyCount "105"]
[EventType "team-tourn"]
[EventCountry "TUR"]
[SourceTitle "playchess.com"]
[Source "ChessBase"]
[SourceQuality "1"]

{[%evp 19,105,22,31,29,31,32,36,25,50,52,50,29,27,12,27,24,18,10,1,6,25,21,16,6,6,6,4,7,4,9,6,0,0,0,0,0,0,-6,0,-5,0,-54,-42,-39,-45,-55,-43,-77,-44,-34,-29,-22,-30,-22,-25,-52,-15,-6,-18,-97,-90,-102,-97,-96,-87,-84,-83,-367,-321,-1927,-1892,-1840,-1618,-1489,0,0,0,0,0,0,0,0,0,0,0,0,0,0]} 1. d4 d5 2. Nf3 Nf6 3. c4 e6 4. Nc3 c6 5. e3 Nbd7 6. Qc2 Bd6 7. Be2 O-O 8. O-O dxc4 9. Bxc4 e5 10. h3 h6 11. Rd1 {D46: Semi-Slav: 5 e3 Nbd7 6 Bd3, Black avoids the Meran} Qc7 12. a3 Re8 13. Ba2 {White is slightly better.} ({But not} 13. Qg6 Nb6 $15) 13... a6 14. b4 exd4 $146 ({Predecessor:} 14... a5 15. b5 exd4 16. Nxd4 c5 17. b6 Nxb6 18. Ndb5 Bh2+ 19. Kh1 Qb8 20. f4 {1-0 (20) Dorfman,J (2595)-Falchetta,G (2250) Cannes 1990}) 15. Nxd4 Nb6 16. Bb2 Qe7 17. Rd2 Bc7 18. Nf5 Bxf5 19. Qxf5 Qe5 20. Qxe5 Bxe5 21. Rad1 Bxc3 22. Bxc3 Ne4 23. Rd3 Nxc3 24. Rxc3 Red8 25. Rcd3 Rxd3 26. Rxd3 $11 {[%mdl 4096] Endgame KRB-KRN} Kf8 27. Kf1 (27. a4 $5) 27... Ke7 28. Ke2 f6 (28... a5 $5 {[%cal Ra5b4]} 29. Bb3 axb4 30. axb4 f6 $11) 29. f4 a5 {aiming for ...axb4.} 30. bxa5 ({White should play} 30. Bb3 $11) 30... Nd7 31. e4 Rxa5 32. h4 Ra4 33. Re3 b5 34. Bb1 Nb6 35. Rg3 Kf8 36. Bc2 Rc4 37. Kd2 {[#]} f5 $1 {[%mdl 512]} 38. Bd3 (38. exf5 Rxf4) 38... Rd4 39. exf5 (39. Ke3 $11 Ra4 40. Rg6) 39... Nd5 $17 (39... Rxf4 40. Rg6 $11) 40. Kc2 Rxf4 41. Rg6 Rf2+ ({Of course not} 41... Rxh4 $6 42. Rxc6 Rh2 43. Be4 $11 (43. Bxb5 Rxg2+ 44. Kb3 h5 $11)) 42. Kb3 Nf4 43. Rd6 $2 {[%mdl 8192]} (43. Rg3 $17) 43... Rd2 $19 44. Kc3 $2 (44. Kb4 Rxd3 45. Rxc6) 44... Rxd3+ 45. Rxd3 Nxd3 46. Kxd3 {[#] KP-KP} c5 $2 (46... h5 $1 $19 {Hoping for ...Ke7.} 47. Kd4 Ke7) 47. g4 $11 {[%cal Bg2g4,Bg4g5][%mdl 32] The position is equal.} Ke7 48. g5 h5 49. Ke3 Kd7 50. Kd3 Kd6 51. Ke4 $1 Kd7 {With the idea ...Kd6.} (51... c4 $5) 52. Kd3 Ke7 53. Ke3 {Precision: White = 59%, Black = 74%.} 1/2-1/2

[Event "1st Turkish League 2017"]
[Site "Konya"]
[Date "2017.07.19"]
[Round "4"]
[White "Aghamaliyev, Cemil"]
[Black "Bashirli, Nail"]
[Result "1/2-1/2"]
[WhiteElo "2493"]
[BlackElo "2352"]
[Annotator "TA"]
[PlyCount "65"]
[EventType "team-tourn"]
[EventCountry "TUR"]
[SourceTitle "playchess.com"]
[Source "ChessBase"]
[SourceQuality "1"]

{[%evp 21,65,37,60,51,60,60,67,48,78,78,78,78,79,81,78,78,106,105,112,114,104,103,100,105,118,110,117,114,112,114,117,117,139,134,150,118,141,119,218,121,131,13,13,13,13,13]} 1. c4 Nf6 2. Nc3 c5 3. g3 e6 4. Nf3 Nc6 5. Bg2 Be7 6. O-O O-O 7. d4 cxd4 8. Nxd4 d5 9. cxd5 Nxd5 10. Nxd5 exd5 11. Be3 Bf6 12. Rc1 {A34: Symmetrical English: 2 Nc3, lines with ...d5} Nxd4 13. Bxd4 Be6 14. e3 {White is slightly better.} Bxd4 15. Qxd4 Qa5 (15... Qb6 16. Rfd1 Rfd8 17. Rc5 g6 18. h4 h5 19. b3 Rd6 {1-0 (62) Cramling,P (2444)-Worek,J (2360) Baku 2016}) 16. a3 Rac8 17. Rxc8 Rxc8 18. Rd1 h6 19. Bxd5 Rd8 $146 ({Predecessor:} 19... Bxd5 20. Qxd5 Qxd5 21. Rxd5 {1-0 (63) Tetenkina,I (2221)-Reizniece,D (2306) Stockholm 2002}) 20. e4 Kh8 21. Kg2 Qb5 22. Rd2 b6 23. Qd3 Qe8 24. f3 f5 25. Qc3 fxe4 26. Bxe4 Rc8 27. Qd4 Qh5 28. Rc2 Bh3+ 29. Kg1 {[#] White wants to mate with Rxc8+.} Rf8 (29... Qg5 $16 30. Rxc8+ Bxc8) 30. Qd6 (30. Rc6 $18 Re8 31. Rc7) 30... Qe8 $16 {...Rxf3! is the strong threat.} 31. Qg6 (31. Re2 $16 {Strongly threatening Bf5!} Qc8 32. Qc6) 31... Qxg6 $11 32. Bxg6 {Black should prevent Kf2.} Rxf3 {[%csl Gh3][%cal Rf3f1] [#]} 33. Rf2 {Precision: White = 65%, Black = 39%.} 1/2-1/2

[Event "1st Turkish League 2017"]
[Site "Konya"]
[Date "2017.07.19"]
[Round "4"]
[White "Maghalashvili, Davit"]
[Black "Mirzoev, Azer"]
[Result "1/2-1/2"]
[WhiteElo "2489"]
[BlackElo "2541"]
[Annotator "TA"]
[PlyCount "55"]
[EventType "team-tourn"]
[EventCountry "TUR"]
[SourceTitle "playchess.com"]
[Source "ChessBase"]
[SourceQuality "1"]

{[%evp 20,55,23,15,27,23,23,22,16,14,22,22,22,22,22,22,43,43,39,26,37,22,22,22,22,22,22,0,22,22,22,22,22,0,24,0,22,0]} 1. Nf3 Nf6 2. g3 d5 3. Bg2 c6 4. O-O Bg4 5. d4 Nbd7 6. Nbd2 e6 7. Re1 Be7 8. e4 O-O 9. c3 Nxe4 10. Nxe4 dxe4 11. Rxe4 Bxf3 {D02: 1 d4 d5 2 Nf3 sidelines, including 2...Nf6 3 g3 and 2...Nf6 3 Bf4} (11... Bf5) 12. Bxf3 Bg5 13. Qb3 {Threatens to win with Bxg5.} Bxc1 14. Rxc1 Qb6 15. Rce1 $146 ({NOTEXT:} 15. Qc2 Nf6 16. Re2 Rad8 17. h4 h6 18. Kg2 Rfe8 19. Rce1 {0-1 (69) Shaidullina,S (2158)-Goryachkina,A (2153) St Petersburg 2011}) 15... Qxb3 16. axb3 Nf6 17. Re5 Rfd8 18. b4 a6 19. Kg2 g6 20. h4 h5 21. Ra5 Kg7 22. Rea1 Rac8 23. Re1 Rc7 24. Rae5 Nd7 25. R5e4 Nf6 26. Re5 Nd7 27. R5e4 Nf6 28. Re5 {Precision: White = 45%, Black = 80%.} 1/2-1/2

[Event "1st Turkish League 2017"]
[Site "Konya"]
[Date "2017.07.19"]
[Round "4"]
[White "Gulbas, Cemil"]
[Black "Khamrakulov, Djurabek"]
[Result "1-0"]
[WhiteElo "2366"]
[BlackElo "2477"]
[Annotator "TA"]
[PlyCount "59"]
[EventType "team-tourn"]
[EventCountry "TUR"]
[SourceTitle "playchess.com"]
[Source "ChessBase"]
[SourceQuality "1"]

1. d4 {Program Activation Required} Nf6 2. c4 e6 3. Nf3 c5 4. d5 b5 5. dxe6 fxe6 6. Nc3 {E10: Blumenfeld Gambit} (6. cxb5 Be7 7. g3 O-O 8. Bg2 Bb7 9. O-O a6 10. bxa6 Nxa6 11. Nc3 Nb4 12. b3 d5 13. Bb2 d4 14. Na4 {½-½ (59) Ponkratov,P (2589)-Savchenko,B (2613) Sochi 2016}) 6... a6 7. e4 b4 8. e5 bxc3 9. exf6 gxf6 10. Ng5 $146 ({NOTEXT:} 10. Ne5 Qb6 11. Qh5+ Kd8 12. Nf7+ Kc7 13. bxc3 Rg8 14. Qxh7 {0-1 (27) Taalaibekov,T (2182)-Viennot,D (2342) Bhubaneswar 2016}) 10... Ke7 11. Ne4 Bb7 12. Nxc3 Nc6 13. Be3 Qa5 14. Qh5 d6 15. O-O-O Bg7 16. Rxd6 f5 17. Rd3 Ne5 18. Bg5+ Kf8 19. Rd1 h6 20. Bf4 Re8 21. Be2 Re7 22. Rhe1 Bc6 23. Qh3 Rb7 24. Rd2 Nd7 25. Bd6+ Kg8 26. Bh5 Nb6 27. Rxe6 Nxc4 28. Qxf5 Nxd2 29. Be7 Rh7 30. Rxc6 1-0

[Event "1st Turkish League 2017"]
[Site "Konya"]
[Date "2017.07.19"]
[Round "4"]
[White "Dedebas, Emre Emin"]
[Black "Gunduz, Umut Erdem"]
[Result "1-0"]
[WhiteElo "2322"]
[BlackElo "2066"]
[Annotator "ChessBase"]
[PlyCount "99"]
[EventType "team-tourn"]
[EventCountry "TUR"]
[SourceTitle "playchess.com"]
[Source "ChessBase"]
[SourceQuality "1"]
[TimeControl "5400+30"]

1. d4 {[%emt 0:01:30]} Nf6 {[%emt 0:01:00]} 2. Nc3 {[%emt 0:00:00]} d5 {[%emt 0:00:30]} 3. Nf3 {[%emt 0:00:00]} c6 {[%emt 0:00:30]} 4. Bg5 {[%emt 0:00:30]} Nbd7 {[%emt 0:00:30]} 5. e3 {[%emt 0:00:30]} Qa5 {[%emt 0:09:30]} 6. a3 {[%emt 0:27:30]} Ne4 {[%emt 0:05:30]} 7. b4 {[%emt 0:02:30]} Nxc3 {[%emt 0:00:30]} 8. Qd3 {[%emt 0:00:30]} Qb6 {[%emt 0:00:30]} 9. Qxc3 {[%emt 0:00:30]} a5 {[%emt 0:00:00]} 10. Rb1 {[%emt 0:11:30]} axb4 {[%emt 0:09:00]} 11. axb4 {[%emt 0:01:30]} Nf6 {[%emt 0:05:30]} 12. Bd3 {[%emt 0:03:30]} Ne4 {[%emt 0:06:30]} 13. Bxe4 {[%emt 0:03:30]} dxe4 {[%emt 0:00:30]} 14. Nd2 {[%emt 0:00:30]} Qb5 {[%emt 0:04:30]} 15. Qc5 {[%emt 0:08:30]} Ra2 {[%emt 0:18:30]} 16. Qxb5 {[%emt 0:21:31]} cxb5 {[%emt 0:00:00]} 17. O-O {[%emt 0:00:26]} f6 {[%emt 0:03:00]} 18. Bf4 {[%emt 0:00:32]} Bf5 {[%emt 0:00:30]} 19. Rfc1 {[%emt 0:02:00]} e6 {[%emt 0:07:30]} 20. Ra1 {[%emt 0:00:20]} Ra4 {[%emt 0:01:30]} 21. c3 {[%emt 0:06:32]} Kd7 {[%emt 0:01:30]} 22. Rxa4 {[%emt 0:03:06]} bxa4 {[%emt 0:00:30]} 23. Nc4 {[%emt 0:00:00]} b5 {[%emt 0:08:09]} 24. Na3 {[%emt 0:00:00]} Kc6 {[%emt 0:00:30]} 25. c4 {[%emt 0:00:00]} bxc4 {[%emt 0:01:28]} 26. Rxc4+ {[%emt 0:00:02]} Kd5 {[%emt 0:00:19]} 27. Rc8 {[%emt 0:00:31]} e5 {[%emt 0:07:47]} 28. Rd8+ {[%emt 0:00:30]} Ke6 {[%emt 0:00:00]} 29. b5 {[%emt 0:04:46]} Bxa3 {[%emt 0:06:28]} 30. Rxh8 {[%emt 0:00:30]} exf4 {[%emt 0:00:30]} 31. b6 {[%emt 0:00:00]} Bd6 {[%emt 0:02:04]} 32. b7 {[%emt 0:00:08]} fxe3 {[%emt 0:00:13]} 33. fxe3 {[%emt 0:00:19]} Kd7 {[%emt 0:01:03]} 34. b8=Q {[%emt 0:03:04]} Bxb8 {[%emt 0:00:30]} 35. Rxb8 {[%emt 0:00:30]} Kc7 {[%emt 0:00:00]} 36. Ra8 {[%emt 0:00:10]} Bd7 {[%emt 0:00:00]} 37. Ra7+ {[%emt 0:00:11]} Kc8 {[%emt 0:01:19]} 38. Kf2 {[%emt 0:00:47]} Bc6 {[%emt 0:00:34]} 39. d5 {[%emt 0:00:33]} Bxd5 {[%emt 0:01:20]} 40. Rxa4 {[%emt 0:00:02]} Bc6 {[%emt 0:00:09]} 41. Rd4 {[%emt 0:00:56]} Kc7 {[%emt 0:00:48]} 42. Kg3 {[%emt 0:00:05]} f5 {[%emt 0:00:27]} 43. Kf4 {[%emt 0:00:03]} g6 {[%emt 0:00:00]} 44. Ke5 {[%emt 0:00:30]} Bb5 {[%emt 0:00:08]} 45. Kf6 {[%emt 0:00:00]} Be2 {[%emt 0:01:01]} 46. Kg7 {[%emt 0:00:32]} Bh5 {[%emt 0:00:33]} 47. Kxh7 {[%emt 0:00:38]} Kc6 {[%emt 0:00:30]} 48. Kh6 {[%emt 0:00:00]} Kc7 {[%emt 0:00:08]} 49. Kg5 {[%emt 0:00:21]} Kc6 {[%emt 0:00:30]} 50. h3 {[%emt 0:00:00]} 1-0